Los funerales de la Mamá grande / (Registro nro. 3258)
[ vista simple ]
| 000 -LEADER | |
|---|---|
| fixed length control field | 01060nam a2200217Ia 4500 |
| 003 - CONTROL NUMBER IDENTIFIER | |
| control field | OSt |
| 005 - DATE AND TIME OF LATEST TRANSACTION | |
| control field | 20250414150825.0 |
| 008 - FIXED-LENGTH DATA ELEMENTS--GENERAL INFORMATION | |
| fixed length control field | 191128t1962 ck er 000 f spa d |
| 020 ## - INTERNATIONAL STANDARD BOOK NUMBER | |
| International Standard Book Number | 8482800302 |
| 040 ## - CATALOGING SOURCE | |
| Original cataloging agency | CO-JMCR |
| Transcribing agency | CO.JMCR |
| 041 ## - LANGUAGE CODE | |
| Language code of text/sound track or separate title | spa |
| 082 04 - DEWEY DECIMAL CLASSIFICATION NUMBER | |
| Classification number | A-N |
| Item number | GARf |
| 100 1# - MAIN ENTRY--PERSONAL NAME | |
| Personal name | García Márquez, Gabriel, |
| Dates associated with a name | 1927-2014 |
| Relator term | autor |
| 9 (RLIN) | 3169 |
| 245 14 - TITLE STATEMENT | |
| Title | Los funerales de la Mamá grande / |
| Statement of responsibility, etc. | Gabriel García Márquez |
| 260 14 - PUBLICATION, DISTRIBUTION, ETC. | |
| Place of publication, distribution, etc. | Bogotá : |
| Name of publisher, distributor, etc. | La oveja negra, |
| Date of publication, distribution, etc. | ©1962 |
| 300 ## - PHYSICAL DESCRIPTION | |
| Extent | 155 páginas : |
| Dimensions | 17 cm. |
| 505 ## - FORMATTED CONTENTS NOTE | |
| Formatted contents note | La siesta del martes -- Un día de éstos -- En este pueblo no hay ladrones -- La prodigiosa tarde de Baltazar -- La viuda de Montiel -- Un día después del sábado -- Rosas artifíciales -- Los funerales de la Mamá Grande |
| 520 ## - SUMMARY, ETC. | |
| Summary, etc. | Estamos en Macondo y su región una vez más, entre personajes y episodios reconocibles, pero ahora caen pájaros muertos sobre el poblado, rompiendo mosquiteros y alambradas, un cura ve al diablo o afirma haber encontrado al judío errante. |
| 650 14 - SUBJECT ADDED ENTRY--TOPICAL TERM | |
| Topical term or geographic name entry element | Novela colombiana |
| 9 (RLIN) | 7010 |
| 942 ## - ADDED ENTRY ELEMENTS (KOHA) | |
| Source of classification or shelving scheme | Dewey Decimal Classification |
| Koha item type | Books |
| Withdrawn status | Lost status | Source of classification or shelving scheme | Damaged status | Not for loan | Collection code | Home library | Current library | Date acquired | Source of acquisition | Coded location qualifier | Total Checkouts | Full call number | Barcode | Date last seen | Date last checked out | Copy number | Koha item type |
|---|---|---|---|---|---|---|---|---|---|---|---|---|---|---|---|---|---|
| Dewey Decimal Classification | Fiction | Biblioteca Pública José María del Castillo y Rada | Biblioteca Pública José María del Castillo y Rada | 11/28/2019 | Donación | $0 | 3 | A-N GARf | 201811171 | 08/15/2024 | 08/15/2024 | Ej.1 | Books |